000 00577nam a2200205Ia 4500
005 20250923150039.0
008 008 250917s9999 xx 000 0 eng d
037 _aTextual
040 _aDSWL
_beng
_cDSWL
041 _aeng
_2eng
084 _aY33.2, N98
_qDSWL
100 _aMisra, R.P.
_9841632
245 0 _aUrbanisation in India : Challenges and Opportunities
_c by R.P. Misra
260 _aNew Delhi
_bRegency Publishers
_c1998
300 _a106 p.
365 _aINR
_b175
925 _g175
942 _cTEXL
_hY33.2, N98
999 _c1458935
_d1458935